Arquitectura prehispánica tardía : (Registro nro. 54616)

Detalles MARC
000 -LEADER
campo de control de longitud fija 02619cam a22005294i 4500
003 - IDENTIFICADOR DE NÚMERO DE CONTROL
campo de control PE-LiUPU
005 - FECHA Y HORA DE LA ÚLTIMA TRANSACCIÓN
campo de control 20250731183437.0
008 - DATOS DE LONGITUD FIJA--INFORMACIÓN GENERAL
campo de control de longitud fija 140923s2011 pe a rb 001 0 spa d
020 ## - NÚMERO INTERNACIONAL ESTÁNDAR DEL LIBRO
Número Internacional Estándar del Libro 9786124030291
035 ## - NÚMERO DE CONTROL DEL SISTEMA
Número de control de sistema (Sirsi) i9786124030291
035 ## - NÚMERO DE CONTROL DEL SISTEMA
Número de control de sistema (Sirsi) 48411
035 ## - NÚMERO DE CONTROL DEL SISTEMA
Número de control de sistema (Sirsi) 48411
040 ## - FUENTE DE CATALOGACIÓN
Centro catalogador/agencia de origen PE-LiUPU
Lengua de catalogación spa
Centro/agencia transcriptor PE-LiUPU
Centro/agencia modificador PE-LiUPU
Normas de descripción rda
082 04 - NÚMERO DE LA CLASIFICACIÓN DECIMAL DEWEY
Número de clasificación 722.90985
Cutter A7
245 00 - MENCIÓN DEL TÍTULO
Título Arquitectura prehispánica tardía :
Resto del título construcción y poder en los Andes Centrales /
Mención de responsabilidad, etc. Kevin Lane y Milton Luján editores.
264 #1 - PRODUCCIÓN, PUBLICACIÓN, DISTRIBUCIÓN, FABRICACIÓN Y COPYRIGHT
Producción, publicación, distribución, fabricación y copyright Lima :
Nombre del de productor, editor, distribuidor, fabricante Universidad Católica Sedes Sapientiae, Fondo Editorial,
Fecha de producción, publicación, distribución, fabricación o copyright 2011.
300 ## - DESCRIPCIÓN FÍSICA
Extensión xxxiii, 587 páginas :
Otras características físicas ilustraciones ;
Dimensiones 25 cm
336 ## - TIPO DE CONTENIDO
Término de tipo de contenido text
Fuente rdacontent
337 ## - TIPO DE MEDIO
Nombre/término del tipo de medio unmediated
Fuente rdamedia
338 ## - TIPO DE SOPORTE
Nombre/término del tipo de soporte volume
Fuente rdacarrier
504 ## - NOTA DE BIBLIOGRAFÍA, ETC.
Nota de bibliografía, etc. Bibliografía al final de cada capítulo.
505 0# - NOTA DE CONTENIDO CON FORMATO
Nota de contenido con formato La arquitectura prehispánica tardía en la sierra de Piura, norte del Perú -- Arquitectura del sitio arqueológico Tantarica, sierra norte del Perú -- Asentamientos tardíos del Santo Toribio y del Auquish Urán -- Hincapié en los Andes nor-
526 ## - NOTA DE INFORMACIÓN SOBRE EL PROGRAMA DE ESTUDIO
Nombre del programa Maestría Bim Facility Management (A distancia)
526 ## - NOTA DE INFORMACIÓN SOBRE EL PROGRAMA DE ESTUDIO
Nombre del programa
526 ## - NOTA DE INFORMACIÓN SOBRE EL PROGRAMA DE ESTUDIO
Nombre del programa Educación musical y artes
526 ## - NOTA DE INFORMACIÓN SOBRE EL PROGRAMA DE ESTUDIO
Nombre del programa Educación, especialidad educación física
526 ## - NOTA DE INFORMACIÓN SOBRE EL PROGRAMA DE ESTUDIO
Nombre del programa Arquitectura
596 ## -
-- 1
650 18 - PUNTO DE ACCESO ADICIONAL DE MATERIA--TÉRMINO DE MATERIA
Término de materia o nombre geográfico como elemento de entrada Arquitectura indígena
Subdivisión geográfica Perú.
9 (RLIN) 568
650 18 - PUNTO DE ACCESO ADICIONAL DE MATERIA--TÉRMINO DE MATERIA
Término de materia o nombre geográfico como elemento de entrada Urbanismo
Subdivisión geográfica Perú
Subdivisión cronológica Época Prehispánica.
650 28 - PUNTO DE ACCESO ADICIONAL DE MATERIA--TÉRMINO DE MATERIA
Término de materia o nombre geográfico como elemento de entrada Monumentos arqueológicos
Subdivisión geográfica Perú
Subdivisión cronológica Época Prehispánica.
650 28 - PUNTO DE ACCESO ADICIONAL DE MATERIA--TÉRMINO DE MATERIA
Término de materia o nombre geográfico como elemento de entrada Arquitectura y sociedad
Subdivisión geográfica Perú
Subdivisión cronológica Época Prehispánica.
651 #4 - PUNTO DE ACCESO ADICIONAL DE MATERIA--NOMBRE GEOGRÁFICO
Nombre geográfico Sierra, Región de la (Perú)
Subdivisión general Antigüedades.
700 1# - ENTRADA AGREGADA--NOMBRE PERSONAL
Nombre de persona Lane, Kevin
Término indicativo de función/relación ed.
700 1# - ENTRADA AGREGADA--NOMBRE PERSONAL
Nombre de persona Luján, Milton
Término indicativo de función/relación ed.
859 ## - INFORMACIÓN DE CONTROL LOCAL (RLIN)
-- 66355
-- 722.90985
-- A7
942 ## - ELEMENTOS DE ENTRADA SECUNDARIOS (KOHA)
Fuente del sistema de clasificación o colocación Clasificación Decimal Dewey
Tipo de ítem Koha
949 ## - PROCESAMIENTO DE INFORMACIÓN LOCAL (OCLC)
a 722.90985 A7
i 66355
l CCODEBUL1
m BUL
t LIBRO
o .STAFF. Colección general
949 ## - PROCESAMIENTO DE INFORMACIÓN LOCAL (OCLC)
a 722.90985 A7
i 70385
l CCODEBUL1
m BUL
t LIBRO
o .STAFF. Colección general
910 ## - DATOS DE OPCIÓN DEL USUARIO (OCLC)
Datos de opción del usuario fsr
-- jv
-- fsr
-- 20130226
910 ## - DATOS DE OPCIÓN DEL USUARIO (OCLC)
Datos de opción del usuario peb
999 ## - NÚMEROS DE CONTROL DE SISTEMA (KOHA)
-- DEWEY
-- 66355
-- 2021-11-9
-- 7
-- CCODEBUL1
-- BUL
-- 42.00
-- 0
-- Y
-- BOOK
-- 2015-7-6
-- INGENIERIA
-- P06
-- COMPRA
-- .STAFF. Colección General
999 ## - NÚMEROS DE CONTROL DE SISTEMA (KOHA)
-- DEWEY
-- 70385
-- 2019-9-24
-- 2021-11-9
-- 7
-- CCODEBUL1
-- BUL
-- 2
-- 43.00
-- 0
-- Y
-- BOOK
-- 2015-7-31
-- INGENIERIA
-- P06
-- COMPRA
-- .STAFF. Colección General
999 ## - NÚMEROS DE CONTROL DE SISTEMA (KOHA)
-- DEWEY
-- 73450
-- 2019-2-15
-- 2021-11-9
-- 7
-- CCODEBUL1
-- BUL
-- 1
-- 36.14
-- 0
-- Y
-- BOOK
-- 2016-6-20
-- INGENIERIA
-- P06
-- COMPRA
-- .STAFF. Colección General
980 ## - EQUIVALENCIA O REFERENCIA-CRUZADA-MENCIÓN DE SERIE--NOMBRE DE PERSONA/TÍTULO [LOCAL, CANADÁ]
ID del último usuario que modificó el registro 1
Nombre del último usuario que modificó el registro ALBERTO SANCHEZ Responsable de Automatización
Existencias
Visto por última vez Número de inventario Total de préstamos Signatura topográfica completa Código de barras Fecha del último préstamo Copia número Coste, precio de reemplazo Fecha de reemplazo Facultad Tipo de ítem Koha Nota pública Estado de pérdida Fuente del sistema de clasificación o colocación Restricciones de uso No para préstamo Colección Programa académico Biblioteca de origen Biblioteca actual Ubicación en estantería Fecha de adquisición Fuente de adquisición Coste, precio normal de compra
2025-12-03 8 2 722.90985 A7 66355 2019-09-24 e1 47.00 2015-07-06 FIA Libros físicos inventario-2023-12-13 No Perdido Clasificación Decimal Dewey No restringido Disponible para préstamos Colección General Arquitectura Biblioteca CRAI UPeU Lima Biblioteca CRAI UPeU Lima Sala principal 2015-07-06 COMPRA 42.00
2025-12-03 8 1 722.90985 A7 70385 2019-02-15 e2 48.00 2015-07-31 FIA Libros físicos inventario-2023-12-13 No Perdido Clasificación Decimal Dewey No restringido Disponible para préstamos Colección General Arquitectura Biblioteca CRAI UPeU Lima Biblioteca CRAI UPeU Lima Sala principal 2015-07-31 COMPRA 43.00
2025-12-03 8   722.90985 A7 73450   e3 41.14 2016-06-20 FIA Libros físicos inventario-2023-12-13 No Perdido Clasificación Decimal Dewey No restringido Disponible para préstamos Colección General Arquitectura Biblioteca CRAI UPeU Lima Biblioteca CRAI UPeU Lima Sala principal 2016-06-20 COMPRA 36.14